[Event "Olimpiade 2014 - Open"]
[Site "Tromsø"]
[Date "04.08.2014"]
[Round "3.45"]
[Board "2"]
[White "Rakotomaharo, Fy Antenaina"]
[Black "Zhu, Chen"]
[Result "1/2-1/2"]
[WhiteTitle "CM"]
[BlackTitle "GM"]
[WhiteElo "2253"]
[BlackElo "2461"]
[WhiteTeam "Madagascar"]
[BlackTeam "Qatar"]
[WhiteFideId "13100050"]
[BlackFideId "8600546"]
[EventDate "2014.08.02"]

1. d4 Nf6 2. c4 e6 3. g3 Bb4+ 4. Bd2 Be7 5. Bg2 d5 6. Nf3 O-O 7. O-O c6 8. Qb3
b6 9. cxd5 cxd5 10. Ne5 Bb7 11. Rc1 Nfd7 12. Nxd7 Qxd7 13. Bb4 Nc6 14. Bxe7 Qxe7
15. e3 Rfc8 16. Nd2 Rc7 17. Rc3 Na5 18. Rxc7 Qxc7 19. Qd1 Rc8 20. b4 Nc4 21. Rc1
Qe7 22. a3 g6 23. Rc3 a5 24. bxa5 Nxa5 25. Qc2 Rxc3 26. Qxc3 Ba6 27. Bf1 Bxf1
28. Kxf1 Nc4 29. Nxc4 Qc7 30. Ke2 dxc4 31. Kd2 Qc6 32. Qb2 b5 33. Kc3 h5 34. Qb1
Kh7 35. e4 e5 36. dxe5 Qc5 37. Qc1 Qxe5+ 38. Kb4 Qxe4 39. Kxb5 Qb7+ 40. Kc5 Qa7+
41. Kb5 Qb8+ 42. Kc5 Qb3 43. Qxc4 Qxa3+ 44. Kd4 Qf3 45. Qa2 h4 46. gxh4 Kg7 47.
Qd2 Qf6+ 48. Ke3 Qe5+ 49. Kf3 Qxh2 50. Qd4+ Kg8 51. Qd8+ Kh7 52. Qd7 Kg7 53.
Qd4+ f6 54. Qf4 Qh3+ 55. Ke2 Qe6+ 56. Kf3 Qc6+ 57. Kg3 Kf7 58. Qh6 Qd6+ 59. Kf3
Qd5+ 60. Kg3 Qd3+ 61. Qe3 Qd6+ 62. Qf4 Qc5 63. Qh6 Qc3+ 64. Qe3 Qxe3+ 65. fxe3
Ke6 66. Kg4 Ke5 67. h5 f5+ 68. Kg5 gxh5 69. Kxh5 Ke4 70. Kg5 Ke5 1/2-1/2

[Event "Olimpiade 2014 - Open"]
[Site "Tromsø"]
[Date "04.08.2014"]
[Round "3.45"]
[Board "3"]
[White "Nezad, Husein Aziz"]
[Black "Rakotoniaina, Antsiva"]
[Result "1-0"]
[WhiteTitle "IM"]
[WhiteElo "2365"]
[BlackElo "2014"]
[WhiteTeam "Qatar"]
[BlackTeam "Madagascar"]
[WhiteFideId "12100293"]
[BlackFideId "13100173"]
[EventDate "2014.08.02"]

1. e4 c5 2. Nf3 d6 3. c3 Nf6 4. Bd3 Nc6 5. Bc2 g6 6. O-O Bg7 7. h3 d5 8. e5 Nd7
9. d4 O-O 10. Re1 e6 11. Nbd2 b5 12. Nf1 b4 13. Ba4 Qc7 14. N1h2 Ba6 15. Bg5 h6
16. Be3 bxc3 17. bxc3 Rab8 18. Qd2 Kh7 19. Ng4 h5 20. Nf6+ Nxf6 21. exf6 Bxf6
22. Bf4 Qc8 23. Bxc6 Qxc6 24. Bxb8 Rxb8 25. Qf4 1-0

[Event "Olimpiade 2014 - Open"]
[Site "Tromsø"]
[Date "04.08.2014"]
[Round "3.45"]
[Board "4"]
[White "Ramasindraibe, Girard"]
[Black "Al-Tamimi, Hamad"]
[Result "0-1"]
[WhiteTitle "CM"]
[WhiteElo "2065"]
[BlackElo "2186"]
[WhiteTeam "Madagascar"]
[BlackTeam "Qatar"]
[WhiteFideId "13100254"]
[BlackFideId "12100285"]
[EventDate "2014.08.02"]

1. e4 c6 2. d4 d5 3. e5 Bf5 4. g4 Be4 5. f3 Bg6 6. e6 Qd6 7. exf7+ Bxf7 8. Nd2
Nd7 9. Nb3 O-O-O 10. f4 h5 11. g5 Bg6 12. Bd3 Bxd3 13. Qxd3 e6 14. Be3 Ne7 15.
Nf3 Nf5 16. O-O Qc7 17. a4 Bd6 18. Ne5 Rhf8 19. Bd2 Bxe5 20. dxe5 Qb6+ 21. Kg2
Nc5 22. Nxc5 Qxc5 23. Ra3 Qd4 24. Rb3 Qxd3 25. cxd3 b6 26. Rc1 Kb7 27. a5 Rc8
28. Bb4 Rh8 29. Bc5 b5 30. a6+ Kc7 31. Rbc3 Kd7 32. Bxa7 Ra8 33. Bb6 Rxa6 34.
Rxc6 Rb8 35. Rc7+ Ke8 36. Bc5 Ra2 37. Rc2 Kd8 38. Rf7 Rc8 39. Kh3 Ke8 40. g6 Ra4
41. Rf8+ Kd7 42. Rf7+ Ke8 43. Rf8+ Kd7 44. Rxc8 Kxc8 45. b3 Ra8 46. Bd6+ Kb7 47.
Rc7+ Kb6 48. Rf7 Rc8 49. Rxf5 exf5 50. e6 Kc6 51. Be5 Re8 52. Kh4 Rxe6 53. Kxh5
Re7 54. Bxg7 Rxg7 55. Kh6 Rg8 56. Kh7 Ra8 57. g7 Ra2 58. Kg6 Rxh2 59. Kxf5 Rg2
60. Kf6 Kd7 61. b4 Ke8 62. d4 Rg4 63. f5 Rg2 64. Ke6 Rxg7 65. Kxd5 Rc7 66. Kd6
Rc4 67. d5 Rxb4 68. Kc5 Rf4 69. Kxb5 Rxf5 70. Kc6 Kd8 0-1

[Event "Olimpiade 2014 - Open"]
[Site "Tromsø"]
[Date "04.08.2014"]
[Round "3.46"]
[Board "1"]
[White "Dervishi, Erald"]
[Black "Mueller, Leonhard"]
[Result "1-0"]
[WhiteTitle "GM"]
[BlackTitle "FM"]
[WhiteElo "2581"]
[BlackElo "2183"]
[WhiteTeam "Albania"]
[BlackTeam "Namibia"]
[WhiteFideId "4700236"]
[BlackFideId "15200019"]
[EventDate "2014.08.02"]

1. e4 c5 2. Nf3 d6 3. d4 cxd4 4. Nxd4 Nf6 5. Nc3 g6 6. Be3 Bg7 7. Bc4 O-O 8. f3
Nc6 9. Qd2 Bd7 10. O-O-O Rb8 11. Nxc6 bxc6 12. Bh6 Qb6 13. b3 Bxh6 14. Qxh6 Qb4
15. Qe3 a5 16. g4 a4 17. h4 d5 18. exd5 cxd5 19. Nxd5 Nxd5 20. Rxd5 Rfc8 21. Rd4
Qa3+ 22. Kb1 axb3 23. cxb3 Rc7 24. Qf4 Ra8 25. Qxf7+ Kh8 26. Rh2 e5 27. Qf6# 1-0

[Event "Olimpiade 2014 - Open"]
[Site "Tromsø"]
[Date "04.08.2014"]
[Round "3.46"]
[Board "2"]
[White "Eichab, Charles"]
[Black "Mehmeti, Dritan"]
[Result "0-1"]
[WhiteTitle "CM"]
[BlackTitle "IM"]
[WhiteElo "2048"]
[BlackElo "2416"]
[WhiteTeam "Namibia"]
[BlackTeam "Albania"]
[WhiteFideId "15200051"]
[BlackFideId "4700600"]
[EventDate "2014.08.02"]

1. f4 e5 2. fxe5 d6 3. exd6 Bxd6 4. Nf3 g5 5. g3 g4 6. Nh4 Ne7 7. e4 Nbc6 8. Be2
Ng6 9. Nxg6 hxg6 10. O-O Bc5+ 11. d4 Qxd4+ 12. Kh1 Rxh2+ 0-1

[Event "Olimpiade 2014 - Open"]
[Site "Tromsø"]
[Date "04.08.2014"]
[Round "3.46"]
[Board "3"]
[White "Ashiku, Franc"]
[Black "Handjaba, Mclean"]
[Result "1-0"]
[BlackTitle "CM"]
[WhiteElo "2284"]
[BlackElo "2139"]
[WhiteTeam "Albania"]
[BlackTeam "Namibia"]
[WhiteFideId "4700066"]
[BlackFideId "15200515"]
[EventDate "2014.08.02"]

1. e4 c5 2. Nf3 d6 3. Bb5+ Nc6 4. c3 Nf6 5. Qe2 e5 6. d4 Qc7 7. dxe5 dxe5 8. Bg5
Be7 9. Nbd2 Bd7 10. Nc4 O-O 11. Bxc6 Bxc6 12. Nfxe5 Nxe4 13. Bxe7 Qxe7 14. Nxc6
bxc6 15. O-O Rfe8 16. Rfe1 Qg5 17. Qf3 f5 18. Re2 Re6 19. Rae1 Rae8 20. g3 h5
21. h4 Qg4 22. Kg2 Kf7 23. Ne3 Qxf3+ 24. Kxf3 g6 25. Nc4 Rd8 26. Kf4 Rg8 27. f3
g5+ 28. hxg5 Nxg5 29. Rxe6 Nxe6+ 30. Ke5 Ng5 31. Kxf5 Nxf3 32. Nd6+ Kf8 33. Re8+
Kg7 34. Re7+ Kf8 35. Rf7# 1-0

[Event "Olimpiade 2014 - Open"]
[Site "Tromsø"]
[Date "04.08.2014"]
[Round "3.46"]
[Board "4"]
[White "Oberholzer, Rex"]
[Black "Pasku, Llambi"]
[Result "0-1"]
[WhiteElo "2099"]
[BlackElo "2061"]
[WhiteTeam "Namibia"]
[BlackTeam "Albania"]
[WhiteFideId "15200035"]
[BlackFideId "4700570"]
[EventDate "2014.08.02"]

1. e4 c6 2. c4 d5 3. cxd5 cxd5 4. exd5 Nf6 5. Qa4+ Nbd7 6. Nc3 g6 7. Nf3 Bg7 8.
Ne5 O-O 9. Nxd7 Nxd7 10. Be2 Nb6 11. Qb3 e6 12. dxe6 Bxe6 13. Qb4 a5 14. Qf4 Nd5
15. Nxd5 Bxd5 16. O-O Re8 17. Bb5 Re4 18. Qg3 Be5 19. f4 Qb6+ 20. Kh1 Qxb5 21.
d3 Bg7 22. Bd2 Rd4 23. Be3 Rxd3 24. Qf2 Re8 25. Rfe1 Qxb2 0-1

[Event "Olimpiade 2014 - Open"]
[Site "Tromsø"]
[Date "04.08.2014"]
[Round "3.47"]
[Board "1"]
[White "Galappaththi, Chinthaka Anuruddh"]
[Black "McNab, Colin A"]
[Result "1/2-1/2"]
[WhiteTitle "CM"]
[BlackTitle "GM"]
[WhiteElo "2125"]
[BlackElo "2441"]
[WhiteTeam "Sri Lanka"]
[BlackTeam "Scotland"]
[WhiteFideId "9900438"]
[BlackFideId "2400030"]
[EventDate "2014.08.02"]

1. e4 g6 2. d4 d6 3. Be3 Bg7 4. Qd2 c6 5. Ne2 Nd7 6. f3 e5 7. Nbc3 Ngf6 8. O-O-O
Qe7 9. g4 h5 10. g5 Nh7 11. d5 c5 12. h4 a6 13. Ng3 b5 14. Kb1 Nb6 15. Rc1 Rb8
16. Nd1 O-O 17. Be2 Re8 18. Ka1 Nf8 19. c3 Nc4 20. Bxc4 bxc4 21. Bf2 f6 22. gxf6
Qxf6 23. Qe2 Re7 24. Ne3 Bh6 25. Rcg1 Bxe3 26. Bxe3 Rf7 27. Rf1 Qd8 28. f4 exf4
29. Bxf4 Qb6 30. Rh2 Bg4 31. Qxc4 Nd7 32. e5 dxe5 33. Be3 Rxf1+ 34. Qxf1 Rf8 35.
Rf2 Rxf2 1/2-1/2

[Event "Olimpiade 2014 - Open"]
[Site "Tromsø"]
[Date "04.08.2014"]
[Round "3.47"]
[Board "2"]
[White "Shaw, John"]
[Black "Perera, W C C"]
[Result "1-0"]
[WhiteTitle "GM"]
[BlackTitle "CM"]
[WhiteElo "2419"]
[BlackElo "2081"]
[WhiteTeam "Scotland"]
[BlackTeam "Sri Lanka"]
[WhiteFideId "2400553"]
[BlackFideId "9902600"]
[EventDate "2014.08.02"]

1. e4 c5 2. Nc3 Nc6 3. Bb5 Nd4 4. Nf3 Nxb5 5. Nxb5 g6 6. d4 Bg7 7. c4 cxd4 8.
Nfxd4 d6 9. Be3 Nf6 10. f3 O-O 11. O-O Nd7 12. Qd2 Ne5 13. b3 Bd7 14. Nc3 a6 15.
a4 b6 16. Rac1 Re8 17. Rfd1 Rb8 18. Kh1 Qc8 19. Nd5 e6 20. Nb4 Bf8 21. Bh6 Be7
22. Qe2 f6 23. Be3 Qb7 24. Qe1 Rbc8 25. Na2 Nc6 26. Nxc6 Bxc6 27. Nb4 Bd7 28.
Bf4 d5 29. cxd5 Bxb4 30. Qxb4 e5 31. Be3 b5 32. a5 Kf7 33. Qd6 Kg7 34. Rxc8 Qxc8
35. Rc1 Qd8 36. Rc7 Re7 37. Rc8 Qxc8 38. Qxe7+ 1-0

[Event "Olimpiade 2014 - Open"]
[Site "Tromsø"]
[Date "04.08.2014"]
[Round "3.47"]
[Board "3"]
[White "Alahakoon, Isuru"]
[Black "Tate, Alan"]
[Result "1/2-1/2"]
[BlackTitle "FM"]
[WhiteElo "2120"]
[BlackElo "2347"]
[WhiteTeam "Sri Lanka"]
[BlackTeam "Scotland"]
[WhiteFideId "9900993"]
[BlackFideId "2401878"]
[EventDate "2014.08.02"]

1. e4 c6 2. d4 d5 3. exd5 cxd5 4. Bd3 Nc6 5. c3 Nf6 6. Bf4 Bg4 7. Qb3 Na5 8.
Qa4+ Bd7 9. Qc2 g6 10. Nf3 Bg7 11. O-O Nh5 12. Bg5 f6 13. Bc1 Qc7 14. Re1 Nf4
15. Bxf4 Qxf4 16. Qe2 e6 17. Nbd2 O-O 18. Nb3 Nxb3 19. axb3 a6 20. b4 Rae8 21.
Bc2 Qd6 22. Ra5 Bc6 23. Ba4 Bxa4 24. Rxa4 Qb6 25. b5 a5 26. h4 e5 27. dxe5 fxe5
28. h5 gxh5 29. Rh4 Qg6 30. Rh3 e4 31. Nd4 Bxd4 32. cxd4 Rf5 33. Qd2 Rg5 34. g3
Rf8 35. Kg2 Qf5 36. Rh4 Kh8 37. Re3 b6 38. Rc3 Qf6 39. Qe3 Rf5 40. Rc2 Rf3 41.
Rf4 Rxe3 42. Rxf6 Rxg3+ 43. Kxg3 Rxf6 44. Rc6 Kg7 45. Rc7+ Rf7 46. Rc6 Rf6 47.
Rc7+ Rf7 48. Rc6 Rf3+ 49. Kg2 Rb3 50. Rxb6 Rxb2 51. Kg3 a4 52. Ra6 Rxb5 53. Rxa4
Kg6 54. Kf4 h4 55. Kg4 Rb6 56. Ra5 Rd6 57. Kxh4 Kf5 58. Ra7 Rh6+ 59. Kg3 Rg6+
60. Kh3 Rh6+ 61. Kg3 Rg6+ 62. Kh3 e3 63. fxe3 Ke4 64. Re7+ Kf3 65. Kh4 Rg4+ 66.
Kh5 Re4 67. Re5 Kxe3 68. Rxd5 Rxd4 1/2-1/2

[Event "Olimpiade 2014 - Open"]
[Site "Tromsø"]
[Date "04.08.2014"]
[Round "3.47"]
[Board "4"]
[White "McKay, Roderick M"]
[Black "Kalugampitiya, R S"]
[Result "1-0"]
[WhiteTitle "IM"]
[WhiteElo "2349"]
[BlackElo "2121"]
[WhiteTeam "Scotland"]
[BlackTeam "Sri Lanka"]
[WhiteFideId "2400049"]
[BlackFideId "9901124"]
[EventDate "2014.08.02"]

1. f4 g6 2. Nf3 Bg7 3. d3 c5 4. e4 e6 5. Be2 d6 6. O-O Ne7 7. c3 O-O 8. Kh1 b6
9. Qe1 Bb7 10. Na3 Nbc6 11. Qh4 Qd7 12. Nc4 d5 13. Nce5 Nxe5 14. fxe5 c4 15.
dxc4 dxe4 16. Ng5 h6 17. Nxe4 g5 18. Qg4 Bxe4 19. Qxe4 Ng6 20. Be3 Qc7 21. Bd3
Rad8 22. Bd4 Bxe5 23. h4 f5 24. Qe3 Bxd4 25. cxd4 Qd6 26. hxg5 Qxd4 27. Qxe6+
Kg7 28. Bxf5 Qh4+ 29. Kg1 Qd4+ 30. Rf2 Rd6 31. gxh6+ Kxh6 32. Qe4 Qxe4 33. Bxe4
Rxf2 34. Kxf2 Rd2+ 35. Ke3 Rxb2 36. Rd1 Ne5 37. Kd4 Ng4 38. Bf3 Kg5 39. Kc3 Rxa2
40. Rd5+ Kf6 41. Bxg4 Rxg2 42. Bc8 1-0

[Event "Olimpiade 2014 - Open"]
[Site "Tromsø"]
[Date "04.08.2014"]
[Round "3.48"]
[Board "1"]
[White "Amonatov, Farrukh"]
[Black "Davy, Damion"]
[Result "1-0"]
[WhiteTitle "GM"]
[BlackTitle "CM"]
[WhiteElo "2590"]
[BlackElo "2164"]
[WhiteTeam "Tajikistan"]
[BlackTeam "Jamaica"]
[WhiteFideId "14700077"]
[BlackFideId "7400519"]
[EventDate "2014.08.02"]

1. e4 c5 2. Nf3 e6 3. d4 cxd4 4. Nxd4 Nc6 5. Nc3 Qc7 6. Be3 a6 7. Qd2 Nf6 8.
O-O-O h5 9. f3 Be7 10. Kb1 b5 11. Qf2 d6 12. Nxc6 Qxc6 13. Ne2 e5 14. Nc3 Be6
15. Qd2 Rc8 16. g3 O-O 17. Nd5 Bxd5 18. exd5 Qb7 19. h3 b4 20. g4 Rc3 21. Bd3
Rfc8 22. g5 Ne8 23. g6 Nf6 24. gxf7+ Kf8 25. Bf5 R8c7 26. Rhg1 Nxd5 27. Be4 Rxe3
28. Bxd5 Qb6 29. Rxg7 Kxg7 30. Qg2+ Kh6 31. Rg1 Re1+ 32. Rxe1 1-0

[Event "Olimpiade 2014 - Open"]
[Site "Tromsø"]
[Date "04.08.2014"]
[Round "3.48"]
[Board "2"]
[White "Lorne, Malaku"]
[Black "Isaev, Jamshed"]
[Result "1/2-1/2"]
[BlackTitle "IM"]
[WhiteElo "2056"]
[BlackElo "2337"]
[WhiteTeam "Jamaica"]
[BlackTeam "Tajikistan"]
[WhiteFideId "7400330"]
[BlackFideId "14700050"]
[EventDate "2014.08.02"]

1. Nf3 Nf6 2. c4 g6 3. Nc3 d5 4. cxd5 Nxd5 5. Qa4+ Bd7 6. Qh4 Nxc3 7. dxc3 Nc6
8. e4 e5 9. Bg5 Be7 10. Bc4 h6 11. Bxe7 Qxe7 12. Qxe7+ Kxe7 13. O-O-O Bg4 14.
Rd3 Rad8 15. Re3 Rd6 16. h3 Be6 17. Bxe6 Kxe6 18. Rd1 Rhd8 19. Rxd6+ cxd6 20.
Nd2 d5 21. exd5+ Rxd5 22. Kc2 f5 23. f3 Rc5 24. a3 Ne7 25. Nb3 Rc4 26. Nd4+ Kf6
27. Ne2 Nd5 28. Rd3 Ke6 29. b3 Rc8 30. c4 Ne7 31. Rc3 g5 32. b4 f4 33. g4 fxg3
34. Nxg3 Ng6 35. Ne4 b6 36. c5 bxc5 37. bxc5 Nf4 38. Kb3 Nxh3 39. Rd3 h5 40.
Rd6+ Ke7 41. c6 Rd8 42. Rh6 h4 43. Rh7+ Ke6 44. c7 Rc8 45. Kc4 Ng1 46. Kc5 Nxf3
47. Kc6 g4 48. Rh6+ Ke7 49. Kb7 Rxc7+ 50. Kxc7 g3 51. Nxg3 hxg3 52. Rg6 e4 53.
Rxg3 Ke6 54. a4 Ke5 55. a5 Kf4 56. Rg2 Nd4 57. Kb7 e3 58. a6 Kf3 59. Rb2 e2 60.
Rxe2 Kxe2 61. Kxa7 Nb5+ 62. Kb6 Nd6 63. Kc6 Nc8 1/2-1/2

[Event "Olimpiade 2014 - Open"]
[Site "Tromsø"]
[Date "04.08.2014"]
[Round "3.48"]
[Board "3"]
[White "Khamdamov, Suhrob"]
[Black "Wisdom, Daren"]
[Result "1-0"]
[WhiteTitle "IM"]
[WhiteElo "2301"]
[BlackElo "2024"]
[WhiteTeam "Tajikistan"]
[BlackTeam "Jamaica"]
[WhiteFideId "14700042"]
[BlackFideId "7400438"]
[EventDate "2014.08.02"]

1. e4 e5 2. Nf3 Nc6 3. Bb5 f5 4. d4 fxe4 5. Nxe5 Nf6 6. O-O Qe7 7. Bf4 Qb4 8.
Nc3 Qxb2 9. Nxe4 Nxe5 10. Nxf6+ gxf6 11. Rb1 Qxa2 12. dxe5 c6 13. exf6 Qf7 14.
Re1+ Kd8 15. Ba4 Qc4 16. Qg4 d6 17. Qh4 Qf7 18. Rbd1 Kc7 19. Rxd6 Bd7 20. Rxc6+
Kd8 21. Rc7 b5 22. Bxb5 1-0

[Event "Olimpiade 2014 - Open"]
[Site "Tromsø"]
[Date "04.08.2014"]
[Round "3.48"]
[Board "4"]
[White "Wilson, Brandon"]
[Black "Kabilov, Amin"]
[Result "1-0"]
[WhiteElo "2090"]
[BlackElo "2181"]
[WhiteTeam "Jamaica"]
[BlackTeam "Tajikistan"]
[WhiteFideId "7400500"]
[BlackFideId "14700859"]
[EventDate "2014.08.02"]

1. e4 d6 2. Bc4 Nf6 3. d3 g6 4. Nc3 Bg7 5. f4 c6 6. Bb3 d5 7. e5 Nfd7 8. d4 e6
9. Be3 b6 10. Nf3 Bb7 11. Ne2 c5 12. c3 Nc6 13. O-O Ba6 14. Bc2 Qc7 15. Rc1 Ne7
16. Rf2 Bxe2 17. Qxe2 c4 18. g4 h5 19. f5 hxg4 20. fxe6 gxf3 21. exd7+ Qxd7 22.
Qxf3 Rf8 23. Bg5 O-O-O 24. b3 b5 25. a4 Rh8 26. axb5 Rh5 27. Bf4 Rh3 28. Bg3
cxb3 29. Bd3 Nf5 30. Bxf5 gxf5 31. c4 Bh6 32. e6 fxe6 33. Rc3 Kb7 34. Kg2 f4 35.
Kxh3 e5+ 36. Kg2 e4 37. Qh5 fxg3 38. Rf7 b2 39. Qxd5+ Kb8 40. Qe5+ Qd6 41. Qxd6+
Rxd6 42. Rxg3 Rd8 43. Rb3 Bc1 44. b6 a5 45. c5 Rg8+ 46. Kf1 a4 47. Rb5 Be3 48.
Rxb2 Bxd4 49. Rg2 Rxg2 50. Kxg2 Bxc5 51. Ra7 a3 52. h3 Bxb6 53. Rxa3 Kc7 54. Ra4
e3 55. Re4 Kd6 56. Kf3 Kd5 57. h4 Bd8 58. Kxe3 Bf6 59. Kf3 Be5 60. h5 Ke6 61.
Kg4 Kf6 62. Rxe5 Kxe5 63. Kg5 Ke6 64. Kg6 Ke7 65. Kg7 Ke6 66. h6 Kd5 1-0

[Event "Olimpiade 2014 - Open"]
[Site "Tromsø"]
[Date "04.08.2014"]
[Round "3.49"]
[Board "1"]
[White "Grandelius, Nils"]
[Black "Ali, Sebbar"]
[Result "1-0"]
[WhiteTitle "GM"]
[BlackTitle "IM"]
[WhiteElo "2571"]
[BlackElo "2387"]
[WhiteTeam "Sweden"]
[BlackTeam "Morocco"]
[WhiteFideId "1710400"]
[BlackFideId "8100977"]
[EventDate "2014.08.02"]

1. Nf3 Nf6 2. c4 e6 3. g3 d5 4. Bg2 Be7 5. O-O O-O 6. b3 c5 7. Bb2 Nc6 8. e3 b6
9. Nc3 Ba6 10. Qe2 Qc7 11. Rfd1 Rac8 12. Rac1 Rfd8 13. Nb5 Qb8 14. d4 cxd4 15.
exd4 Bb7 16. Bh3 Re8 17. Ne5 Bf8 18. Bg2 Red8 19. Ng4 Nxg4 20. Qxg4 dxc4 21. d5
Ne5 22. Bxe5 Qxe5 23. Re1 Qf6 24. dxe6 Bxg2 25. Kxg2 Bc5 26. exf7+ Qxf7 27. Qxc4
a6 28. Qxf7+ Kxf7 29. Na7 Ra8 30. Nc6 Rd2 31. b4 Rxf2+ 32. Kh3 Bf8 33. a4 1-0

[Event "Olimpiade 2014 - Open"]
[Site "Tromsø"]
[Date "04.08.2014"]
[Round "3.49"]
[Board "2"]
[White "Tissir, Mohamed"]
[Black "Hillarp Persson, Tiger"]
[Result "1/2-1/2"]
[WhiteTitle "IM"]
[BlackTitle "GM"]
[WhiteElo "2366"]
[BlackElo "2549"]
[WhiteTeam "Morocco"]
[BlackTeam "Sweden"]
[WhiteFideId "9000240"]
[BlackFideId "1700812"]
[EventDate "2014.08.02"]

1. e4 c5 2. Nf3 d6 3. d4 cxd4 4. Nxd4 Nf6 5. Nc3 Nc6 6. Bg5 e6 7. Qd2 a6 8.
O-O-O Bd7 9. f3 Be7 10. h4 h6 11. Be3 h5 12. Kb1 Qc7 13. Qe1 Ne5 14. Bg5 b5 15.
f4 Neg4 16. a3 Rc8 17. f5 e5 18. Nb3 d5 19. exd5 Bxf5 20. Bd3 Bxd3 21. Rxd3 O-O
22. Qe2 b4 23. axb4 Bxb4 24. Rf1 e4 25. Rh3 Bxc3 26. Rxc3 Qb6 27. Rxc8 Rxc8 28.
Rd1 a5 29. Rd4 Rd8 30. Bd2 Rxd5 31. Rxd5 Nxd5 32. Qxe4 Qc6 33. Qd4 a4 34. Na5
Qa8 35. Qxa4 1/2-1/2

[Event "Olimpiade 2014 - Open"]
[Site "Tromsø"]
[Date "04.08.2014"]
[Round "3.49"]
[Board "3"]
[White "Tikkanen, Hans"]
[Black "Onkoud, Abdelaziz"]
[Result "1-0"]
[WhiteTitle "GM"]
[BlackTitle "IM"]
[WhiteElo "2559"]
[BlackElo "2383"]
[WhiteTeam "Sweden"]
[BlackTeam "Morocco"]
[WhiteFideId "1706446"]
[BlackFideId "9000283"]
[EventDate "2014.08.02"]

1. d4 d5 2. c4 dxc4 3. Nf3 Nf6 4. e3 e6 5. Bxc4 a6 6. Bb3 c5 7. Nc3 b5 8. a4 b4
9. Ne2 Bb7 10. O-O Nc6 11. Ng3 cxd4 12. exd4 Be7 13. Qd3 Qa5 14. Be3 Rd8 15.
Rfd1 O-O 16. Rac1 Rd7 17. Rc4 Qd8 18. Rc2 Qa8 19. Ba2 Rfd8 20. Rcd2 Na5 21. Qe2
b3 22. Bb1 Bb4 23. Rd3 Bd5 24. Ne5 Rc7 25. Bg5 Be7 26. Bxf6 Bxf6 27. Nh5 Be7 28.
Rg3 g6 29. Qd2 1-0

[Event "Olimpiade 2014 - Open"]
[Site "Tromsø"]
[Date "04.08.2014"]
[Round "3.49"]
[Board "4"]
[White "Choukri, Adel"]
[Black "Berg, Emanuel"]
[Result "0-1"]
[BlackTitle "GM"]
[WhiteElo "2177"]
[BlackElo "2554"]
[WhiteTeam "Morocco"]
[BlackTeam "Sweden"]
[WhiteFideId "9000399"]
[BlackFideId "1704060"]
[EventDate "2014.08.02"]

1. d4 Nf6 2. c4 g6 3. Nc3 Bg7 4. e4 d6 5. Nf3 O-O 6. h3 e5 7. d5 a5 8. g4 Na6 9.
Be3 Nd7 10. Nd2 Ndc5 11. h4 f5 12. g5 fxe4 13. Ndxe4 Nxe4 14. Nxe4 Bf5 15. Bd3
b6 16. h5 Nc5 17. Nxc5 bxc5 18. hxg6 hxg6 19. Bxf5 Rxf5 20. Qg4 Rb8 21. O-O-O
Qd7 22. Qe4 Rb4 23. b3 a4 24. Kc2 Rb8 25. Rb1 Qe8 26. Qh4 e4 27. Qh7+ Kf8 28.
Qh2 axb3+ 29. axb3 Ra8 30. Kd2 Ra2+ 31. Ke1 Rf3 32. Kf1 Qf7 33. Re1 Qf5 34. Qh4
Kf7 35. Kg2 Ra8 36. Kf1 Rh8 37. Qxh8 Bxh8 38. Rxh8 Rh3 39. Rxh3 Qxh3+ 40. Ke2
Qh8 41. Rc1 Qb2+ 42. Kd1 Qxb3+ 43. Rc2 Ke8 44. Kc1 Kd7 45. Kd2 Qd3+ 46. Kc1 Kc8
47. Kb2 Kb7 48. Rc3 Qe2+ 49. Rc2 Qe1 50. Ka2 Ka6 51. Kb3 Qb1+ 52. Rb2 Qd3+ 0-1

[Event "Olimpiade 2014 - Open"]
[Site "Tromsø"]
[Date "04.08.2014"]
[Round "3.50"]
[Board "1"]
[White "Jones, Richard S."]
[Black "Omar, Noaman"]
[Result "0-1"]
[WhiteTitle "IM"]
[BlackTitle "IM"]
[WhiteElo "2414"]
[BlackElo "2350"]
[WhiteTeam "Wales"]
[BlackTeam "United Arab Emirates"]
[WhiteFideId "1800833"]
[BlackFideId "9300244"]
[EventDate "2014.08.02"]

1. d4 Nf6 2. c4 e6 3. Nc3 Bb4 4. e3 O-O 5. Ne2 d5 6. a3 Be7 7. Nf4 Re8 8. cxd5
exd5 9. Bd3 Bd6 10. O-O Bxf4 11. exf4 Nc6 12. Bc2 Ne7 13. b4 c6 14. a4 Bf5 15.
Bb3 a6 16. Ne2 h5 17. Ng3 Bg4 18. f3 Bd7 19. Re1 Qb6 20. a5 Qa7 21. Be3 b6 22.
Qd2 Rab8 23. Bf2 bxa5 24. Rxa5 Rb6 25. Bc2 Qb7 26. Re5 Rxb4 27. Qd3 Ng6 28. Nxh5
Nxh5 29. Rxh5 Rc4 30. Ra2 Qb4 31. g3 Rc3 32. Qd2 Qc4 33. Rb2 f5 34. Bd1 Rd3 35.
Qc2 Qxc2 36. Bxc2 Rd2 37. Rb7 Bc8 38. Rc7 Rxc2 39. Rg5 Ne7 40. g4 Be6 41. gxf5 0-1

[Event "Olimpiade 2014 - Open"]
[Site "Tromsø"]
[Date "04.08.2014"]
[Round "3.50"]
[Board "2"]
[White "AlHuwar, Jasem"]
[Black "Kett, Tim"]
[Result "1-0"]
[WhiteTitle "FM"]
[WhiteElo "2277"]
[BlackElo "2244"]
[WhiteTeam "United Arab Emirates"]
[BlackTeam "Wales"]
[WhiteFideId "9300465"]
[BlackFideId "1801210"]
[EventDate "2014.08.02"]

1. Nf3 d5 2. g3 Nf6 3. Bg2 Bg4 4. c4 c6 5. O-O e6 6. d3 Nbd7 7. cxd5 exd5 8. h3
Bxf3 9. Bxf3 Bc5 10. Bf4 O-O 11. e4 Qe7 12. Qc2 dxe4 13. dxe4 Ne5 14. Bg2 Rad8
15. Nc3 Nd3 16. Bg5 h6 17. Bxf6 Qxf6 18. Rad1 Ne5 19. Nd5 cxd5 20. Qxc5 b6 21.
Qd4 dxe4 22. Qxe4 Rfe8 23. Rfe1 Re6 24. Qb7 Nd3 25. Rxe6 Qxf2+ 26. Kh2 fxe6 27.
Qe7 Qd4 28. Qxe6+ Kh8 29. Qe2 Rd6 30. Qe8+ Kh7 31. Qe4+ g6 32. Qe7+ Kg8 33. Rf1
Rd8 34. Rd1 Rd7 35. Qe8+ Kg7 36. Qe2 Qxb2 37. Qxb2+ 1-0

[Event "Olimpiade 2014 - Open"]
[Site "Tromsø"]
[Date "04.08.2014"]
[Round "3.50"]
[Board "3"]
[White "Sands, David A"]
[Black "Khouri, Ibrahim Mohamed"]
[Result "1/2-1/2"]
[BlackTitle "FM"]
[WhiteElo "2210"]
[BlackElo "2225"]
[WhiteTeam "Wales"]
[BlackTeam "United Arab Emirates"]
[WhiteFideId "402060"]
[BlackFideId "9301526"]
[EventDate "2014.08.02"]

1. d4 Nf6 2. c4 e6 3. Nf3 b6 4. g3 Ba6 5. Nbd2 d5 6. Bg2 Be7 7. O-O O-O 8. b3
Bb7 9. Bb2 Na6 10. Ne5 c5 11. cxd5 exd5 12. Rc1 cxd4 13. Nd3 Ne4 14. Bxd4 Bf6
15. Nf3 Nac5 16. Bxc5 bxc5 17. Nxc5 Nxc5 18. Rxc5 Qb6 19. Rc2 a5 20. Ne1 a4 21.
bxa4 Rxa4 22. Nd3 Rc4 23. Nf4 Rd8 24. Rd2 d4 25. Bxb7 Qxb7 26. e3 Qe4 27. exd4
Rcxd4 28. Rxd4 Rxd4 29. Qe1 g6 30. Qxe4 Rxe4 31. Nd5 Be5 32. Rd1 Re2 33. Nb4 Bc3
34. a3 Rb2 35. Nd5 Be5 36. Rd3 Kg7 37. Ne3 Ra2 38. Nc4 Bf6 39. Kg2 Be7 40. Rf3
Rc2 41. Ne3 Ra2 42. Nc4 Rc2 43. Ne3 Ra2 44. Nc4 Rc2 1/2-1/2